000 00324 a2200145 4500
001 169353
020 _a
040 _cMagnum
100 _aRamos, Jania M.
240 1 0 _aO espaco da oralidade na sala de aula
_lpor
245 1 0 _aO espaco da oralidade na sala de aula
362 0 _a1899
697 _aGERAL
942 _cBK
999 _c169353
_d169353